01615cam a2200349 a 4500001001000000003000900010005001700019008004100036020001500077040003000092049000900122082002000131100003900151245009800190246004400288260003500332300004700367500017100414504005500585586004100640650006400681650005900745650005100804650005100855650005200906651006000958651006101018910003401079942001401113952012301127999001501250000006498DO-SdBNP20250529115028.0970226s1996 ck abc b 000 0 spa  a9586122565 aDO-SdBNPcDLCdDLCdBNPHU aBNGR a986.1362bR457a1 aReyes Cárdenas, Catalina.91800810aAspectos de la vida social y cotidiana de Medellín, 1890-1930 /cCatalina Reyes Cárdenas.14aVida cotidiana en Medellín, 1890-1930 aBogotá :bColcultura,c1996. axiv, 334 p. :bil., mapas, retrs ;c21 cm. a"Producto del trabajo de la tesis presentada para optar el título de magister en historia de la Universidad Nacional de Colombia, Sede Medellín"--Agradecimientos. aIncluye referencias bibliográficas (p. 307-334). aPremios nacionales de cultura, 1995. 7aClases socialeszColombiazMedellínxHistoria910622LEMB 0aSalud públicazColombiazMedellínxHistoria918012 0aMujereszColombiazMedellínxHistoria918013 0aNiñoszColombiazMedellínxHistoria918014 0aJuventudzColombiazMedellínxHistoria918015 aMedellín (Colombia{Rpara}xHistoriay1890-1930918009 0aMedellín (Colombia{Rpara}xCondiciones Sociales918010 aCatalogación por copia / LC 2ddccLBS1 001052708MOaGRbGRcCTd2009-08-31iLF1l0o986.1362 R457ap6498-10r2020-06-25w2020-06-25y2ZPréstamo interno c6289d6289